| 000 | 00447nam a2200169 a 4500 | ||
|---|---|---|---|
| 003 | SISC | ||
| 005 | 20160712140130.0 | ||
| 008 | 110817s19uu xx uuu eng d | ||
| 020 | _a9780521182942 | ||
| 050 |
_aCDR 540 _bCHE 2011 |
||
| 245 |
_aChemistry for the IB diploma : _bcoursebook. |
||
| 260 |
_aUnited Kingdom : _bCambridge University Press, _c2011. |
||
| 650 | _aChemistry. | ||
| 942 |
_cAVM _2lcc |
||
| 999 |
_c109783 _d109783 |
||